00323nam a2200109 a 450000500170000000800410001702000150005824500880007326000220016199900170018304000130020020201002035754.0131018s1994 000 spa d a8400074246 0aCatáleg de materials gráfics de 1' Arxiu d' Etnografia i Folklore de Catalunya. aBarcelona,c1994. c41304d41304 aDO-SdBNP